ბათუმის შოთა რუსთაველის სახელმწიფო უნივერსიტეტის ბიბლიოთეკა

Вопросы литературы народов СССР. (ბიბ.ჩანაწერი № 35017)

000 -LEADER
fixed length control field 00709nam a2200205Ia 4500
001 - CONTROL NUMBER
control field 856
003 - CONTROL NUMBER IDENTIFIER
control field GE_BSU
008 - FIXED-LENGTH DATA ELEMENTS--GENERAL INFORMATION
fixed length control field 181216s||||||||xx |||||||||||||| ||und||
040 ## - CATALOGING SOURCE
Transcribing agency GE_BSU
080 ## - UNIVERSAL DECIMAL CLASSIFICATION NUMBER
Universal Decimal Classification number 821.161.1.09
245 ## - TITLE STATEMENT
Title Вопросы литературы народов СССР.
245 ## - TITLE STATEMENT
Remainder of title Республиканский межведомственный научный сборник.Основан в 1975г..Одесский гос.ун-т им.И.И.Мечникова
260 ## - PUBLICATION, DISTRIBUTION, ETC.
Place of publication, distribution, etc. Киев-Одесса
260 ## - PUBLICATION, DISTRIBUTION, ETC.
Name of publisher, distributor, etc. Выща школа
260 ## - PUBLICATION, DISTRIBUTION, ETC.
Date of publication, distribution, etc. 1989
300 ## - PHYSICAL DESCRIPTION
Extent 184стр.
653 ## - INDEX TERM--UNCONTROLLED
Uncontrolled term Вопросы литературы народов СССР.
942 ## - ADDED ENTRY ELEMENTS (KOHA)
Koha item type წიგნი
ეგზემპლარები
Withdrawn status Lost status Damaged status Not for loan Date acquired Barcode Date last seen Price effective from Koha item type
        2018-12-17 1724 2018-12-17 2018-12-17 წიგნი